Регионална библиотека "Любен Каравелов" - Русе

Лондон Роуд (Запис номер 157587)

MARC детайли
000 -Лидер
Контролно поле с фиксирана дължина 01453nam a2200361 c 4500
003 - Код на организацията, давaща контролен номер
Контролно поле BLK
005 - Дата и час на последна редакция
Контролно поле 20250415165327.0
008 - Елементи от данни с фиксирана дължина
fixed length control field 180410b bul|||||r ||||||| ||bul||
010 ## - Наследен системен номер
LC control number KNG00164535000
020 ## - Международен стандартен номер на книга ISBN
Международен стандартен номер на книга ISBN 978-619-171-010-2
-- издат.: Orange Books
040 ## - Източник на каталожния запис
Идентификатор на билиотеката - собственик на записа BLK
041 ## - Код за език
Код за езика на текст/звукозапис или на отделно заглавие Български
Код за езика КДБФ Български
072 #7 - Код за тематичната категория
Код организация bullib
Код за тематична категория Н83
Текст Чужда художествена литература Н
080 ## - УДК
Текстов определител УДК Шотландска литература на англ. ез. (вж и 891.63)
УДК код - определител по УДК 821.111(411)
УДК определител -31
УДК - код + определител 821.111(411)-31
100 1# - Редна дума - Автор
Автор Йънг, Саманта
Авторска отговорност първи автор
R(LIN) 331608
139 ## - Редно поле
Редна дума Йънг, Саманта
Авторски знак Иш - И 99
245 10 - Сведения за заглавието
Заглавие Лондон Роуд
Подзаглавни данни Роман
Редно поле (дума) Саманта Йънг; прев. Надя Баева.
257 ## - Страна на издаване
Страна на създаване/издаване Великобритания
260 ## - Област на издателските данни
-- София
Име на издателя, разпространителя и проч. Orange Books
Година на издаване 2014
Печатница Костинброд : Мултипринт
300 ## - Физическа характеристика
Страници 440 с.
Размери/Мащаб 21 см
380 ## - Жанр
Жанр Худож. лит.
490 1# - СЕРИИ (Колекции)
Име на серия Поредица Дъблин Стрийт
№: серия Кн. 2
500 ## - Общи забележки
Забележка Ориг. загл. Down London Road / Samantha Young. - Съдържа и за авт.
653 ## - Ключова дума – ненормативна
Ключова дума романи
659 ## - Тематичен бюлетин
Тематичен бюлетин Н
700 ## - Други автори (авторска отговорност)
Лично име Баева, Надя Димитрова
Автороска отговорност (Описва отношението между автора и произведението) прев.
9 (RLIN) 383768
852 ## - Местоположение
Форматна сигнатура Цб 270532
856 4# - Електронен адрес и достъп
Електронен формат pdf - файл
Път до файла /url/
856 4# - Електронен адрес и достъп
Електронен формат pdf - файл
Път до файла /url/
942 ## - АРТИКУЛИ
Вид на библиотечния материал Книги
Скрит в OPAC Не
Koha issues (borrowed), all copies 59
944 ## - СЪЗДАВАНЕ И РЕДАКЦИЯ на ЗАПИСА
Създаване/Редакция Създаване
Дата на регистрацията/редакция 01.09.2014
Статус, дата на статуса Цветелина Шанова
Служител, извършил регистрацията/редакцията 30531
944 ## - СЪЗДАВАНЕ И РЕДАКЦИЯ на ЗАПИСА
Създаване/Редакция Редакция
Дата на регистрацията/редакция 02.03.2016
Статус, дата на статуса ф /
Служител, извършил регистрацията/редакцията Людмила_Стоянова
999 ## - СИСТЕМНИ КОНТРОЛНИ НОМЕРА
Koha biblionumber 157587
Koha biblioitemnumber 157587
Наличности
Код за отписване Код за изгубен артикул Код за повреда Коз за рестрикции Код за отдаване Артикулен № Име на библиотеката - собственик Име на библиотеката, в която се намира в момента Статус (Текущо местоположение) Дата на вписване в системата Местоположение - отдел Цена в лева Инвентарен номер Систематично азбучна сигнатура Баркод Номер на екземпляра Цена в евро Служебна бележка Служебен тип на артикула Източник на класификационната схема
  Не е изгубен Не е повреден без рестрикции заемане за дома 263943 Регионална библиотека "Любен Каравелов" Русе Регионална библиотека "Любен Каравелов" Русе Заемна - подръчен фонд 2014-09-02 Заемна - подръчен фонд 17.90 120000780031 П 820-31/И 99 120000780031 1 9.15 Дост: Pk Вид: Ф N: 410 Дата: 01.09.2014 Дата инв: 14.02.2018 Бележки инв: П2018 Книги  
  Не е изгубен Не е повреден без рестрикции заемане за дома 263944 Регионална библиотека "Любен Каравелов" Русе Регионална библиотека "Любен Каравелов" Русе Заемна - подръчен фонд 2014-09-02 Заемна - подръчен фонд 17.90 120000780032 П 821-31/И 99 120000780032 2 9.15 Дост: Pk Вид: Ф N: 410 Дата: 01.09.2014 Дата инв: 12.03.2018 Бележки инв: П2018 Книги Universal Decimal Classification
  Не е изгубен Не е повреден без рестрикции ползва се в читалня 263945 Регионална библиотека "Любен Каравелов" Русе Регионална библиотека "Любен Каравелов" Русе Хранилище 2015-08-22 Хранилище 17.90 120000791212 Цб 270532 120000791212 3 9.15 Дост: Dp Вид: Д N: 18 Дата: 16.04.2015 Книги  
Vip Innovations Ltd, Rousse, Bulgaria 2025